00205nam a2200085Ia 4500008004100000041000800041100001800049245002300067260002900090231212s1936 xx 000 0 und d aeng aRamamoorty M. aAn Introduction To aNew DelhibAffilatc1936